000 00660nam a2200193Ia 4500
008 090123s9999 xx 000 0 und d
082 _b38587
100 _aबाखरु हरिकृष्ण
245 _aआहाराव्दारे उपचार
250 _a1
260 _bरोहन प्रकाशन
_c2005
300 _a247
600 _aबाखरु हरिकृष्ण
630 _aआहाराव्दारे उपचार
700 _aबाखरु हरिकृष्ण
700 _aमांडे अरुण
730 _aआहाराव्दारे उपचार
942 _cBOOK
999 _c76654
_d76654